1775 1993 1969 1822 1417 1692 1475 1637 1179 1307 1433 1201 1167 1006 1347 1163 1428 1719 1071 1525 1778 1850 1591 1581 1694 1515 1637 1570 1013 1366 1623 1482 1684 1447 1743 1243 1188 1772 1580 1551 1241 1400 1782 1682 1546 1155 1577 1220 1840 1016 1640 1102 1352 1609 1228 1206 1224 1347 1576 1802 1076 1291 1595 1914 1179 1017 1189 1648 1995 1474 1416 1692 1286 1647 1068 1985 1405 1798 1787 1435 1642 1786 1573 1372 1691 1792 1527 1748 1522 1675 1843 1735 1935 1247 1244 1688 1136 1717 1907 BCNSPRNW ULIB Ver.6.0+V

เปลี่ยนเป็นภาษาไทย

Change to English
 แสดงรายละเอียดบรรณานุกรม
  กลับหน้าหลัก

Brief Record : Get Marc (ISO 2709) : E-mail record : QR code < ปิดหน้าต่าง
LEADER : 00000nam 2200000uu 4500
001    13399113276
003     ULIB
008    111005s2552||||th 000 0 tha d
020    9786165120265
050 04 TT873.2^bอ462บ 2552
100 0  อุมาวดี ทรัพย์สิน
245 10 บายศรีเครื่องบวงสรวงแบบโบราณ /^cอุมาวดี ทรัพย์สิน
250    พิมพ์ครั้งที่ 1
260    กรุงเทพฯ :^bวาดศิลป์,^c2552
300    64 หน้า :^bภาพประกอบ
650  7 การประดิษฐ์ด้วยใบตอง
650  7 บายศรี
945    ^p160^l0^i027689
995    ทศพร
999 ^a ทศพร
รายการนี้ยังไม่มีแท็ก
คุณยังไม่ได้ล็อกอิน คุณสามารถมีกิจกรรมร่วมกับเว็บไซต์ได้ แต่ต้องล็อกอินก่อน ::
  ล็อกอิน

รายการสื่อสารสนเทศ

ลำดับที่ ประเภท เลขเรียก/บาร์โค้ด สถานที่ สถานะ
- ไม่พบข้อมูล -

รายการใกล้เคียง
    ผู้แต่ง [อุมาวดี ทรัพย์สิน]

    หัวเรื่อง [การประดิษฐ์ด้วยใบตอง]
    หัวเรื่อง [บายศรี]

BibComment


ยังไม่เคยถูกคอมเมนท์

คอมเมนท์ทรัพยากรรายการนี้
  คอมเมนท์: บายศรีเครื่องบวงส..


 Copyright 2026. Bcnsprnw @Library